| 000 | 01638nam a22003857a 4500 | ||
|---|---|---|---|
| 003 | CHAP | ||
| 005 | 20220329143737.0 | ||
| 008 | 110523s2011 mx r 00010 spa d | ||
| 010 | _a101268 | ||
| 011 | _a102240 | ||
| 035 | _a112928 | ||
| 040 | _cCHAP | ||
| 090 | _aTesis | ||
| 100 | 1 |
_aRodríguez Garduño, Germán. _998525 |
|
| 245 | 1 | 0 |
_aAnálisis del programa de reforestación de CONAFOR aplicado al proyecto Bosque del Bicentenario de la Independencia y Centenerio de la Revolución Méxicana, en Anenecuilco, Minicipio de Ayala, Morelos _h[En línea] _c/por Germán Rodríguez Garduño |
| 260 |
_aChapingo, Méx. : _bEl autor, _c2011 |
||
| 500 | _aPara ver el contenido del material haga clic en la liga | ||
| 502 | _aTesis (Ing. en Recursos Naturales Renovables) -- UACH. Departamento de suelos | ||
| 590 |
_aALEPH _b10 _c20130110 _lUCH01 _h1540 |
||
| 590 |
_aBATCH-UPD _b10 _c20130110 _lUCH01 _h1256 |
||
| 590 |
_aBATCH-UPD _b10 _c20130410 _lUCH01 _h0816 |
||
| 590 |
_aBATCH-UPD _b10 _c20130914 _lUCH01 _h0724 |
||
| 590 |
_aBATCH-UPD _b10 _c20140324 _lUCH01 _h1525 |
||
| 590 |
_aBATCH-UPD _b10 _c20141002 _lUCH01 _h0849 |
||
| 590 |
_aCONVERSION _b10 _c20130109 _lUCH01 _h1356 |
||
| 650 | 1 | 4 |
_aBosques _xMorelos. _914348 |
| 650 | 1 | 4 |
_aProyectos de desarrollo. _992528 |
| 650 | 1 | 4 |
_aReforestación _zMorelos. _995512 |
| 650 | 1 | 4 |
_aSuelos _xDegradación. _9110336 |
| 856 |
_3Finding aid _uhttp://10.13.5.2/tesis/112928.pdf _zTeclea aqui |
||
| 901 | _aBK | ||
| 942 | _cFOLL | ||
| 949 |
_aTesis _bBC _cTES _d33724002251660 _eTS1 _gDonaciØn _h52258 _i112928 _st |
||
| 949 |
_aTesis _bBC _cTES _d33724002251702 _eTS2 _fc.2 _gDonaciØn _h52259 _i112928 _st |
||
| 999 |
_c101268 _d101268 |
||